QI Panellists: Picture Quiz no.2 (BBC TV) - Statistics

General Stats
  • This quiz has been taken 128 times
    28 since last reset
  • The average score is 13 of 20
Answer Stats
Picture Answer % Correct
Jimmy Carr
88%
Jonathan Ross
88%
David Mitchell
85%
Graham Norton
85%
Jo Brand
85%
Janet Street Porter
77%
Richard E Grant
73%
Terry Wogan
69%
Barry Humphries
65%
Carrie Fisher
65%
Dermot O'Leary
62%
Phill Jupitus
62%
Aisling Bea
58%
Sara Cox
58%
Grayson Perry
54%
Rory Bremner
50%
Holly Walsh
46%
John Sessions
42%
Teri Hatcher
42%
Nina Conti
31%
No matching quizzes found
Score Distribution
Percent of People with Each Score
Percentile by Number Answered
Your Score History
You have not taken this quiz since the last reset